| 000 | 00368 a2200169 4500 | ||
|---|---|---|---|
| 001 | 174687 | ||
| 020 | _a85-7208-076-7 | ||
| 040 | _cMagnum | ||
| 100 | _aGarcia, Edson Gabriel | ||
| 240 | 1 | 0 |
_aAs idéias do canário _lpor |
| 245 | 1 | 0 | _aAs idéias do canário |
| 300 | _a16 | ||
| 362 | 0 | _a1992 | |
| 440 | 1 | _aFormato | |
| 697 | _aLITERATURA INFANTO | ||
| 942 | _cBK | ||
| 999 |
_c174687 _d174687 |
||